KOHA-Header-6

International Banking Management (Record no. 9793)

000 -LEADER
fixed length control field 00284nam a2200109Ia 4500
100 ## - MAIN ENTRY--AUTHOR NAME
Personal name Syed Agha Ijaz Hussain
245 #0 - TITLE STATEMENT
Title International Banking Management
260 ## - PUBLICATION, DISTRIBUTION, ETC. (IMPRINT)
Place of publication Islamabad
Name of publisher Hassan Safeer
Year of publication 1980
300 ## - PHYSICAL DESCRIPTION
Number of Pages 349
942 ## - ADDED ENTRY ELEMENTS (KOHA)
Koha item type Books
Holdings
Withdrawn status Lost status Collection code Permanent Location Current Location Shelving location Date acquired Full call number Accession Number Koha item type
    Banking MAJU MAJU Shelf No.A45 2019-09-14 505.75 5760 Banking

Powered by Koha